• 首页
  • 本馆介绍
  • 公告通知
  • 最新文献
  • 馆藏检索
  • 电子资源
  • 读者导购
  • 参考咨询
  • 我的图书馆
  • 登录
  • 详细信息显示
  • 放入我的书架
  • 预约/预借图书
  • 作者相关作品
  • 分类相关作品
  • 丛书相关作品
  • 出版社相关作品

书目信息

  • 表格格式
  • 工作单格式
  • 卡片格式
题名:
明清江浙地区木雕装饰纹样
    
 
作者: 张伟孝 著
分册:  
出版信息: 青岛   中国海洋大学出版社  2020.8
页数: 333页
开本: 24cm
丛书名:
单 册:
中图分类: J322 , J522
科图分类:
主题词: 木雕--装饰美术--纹样--浙江--明清时代
电子资源:
ISBN: 978-7-5670-2333-8
000 00933nam0 2200253 45
001 490037
005 20140817155620.0
010    @a978-7-5670-2333-8@dCNY79.00
100    @a20201104d2020 em y0chiy0110 ea
101 0  @achi
102    @aCN@b370000
105    @aa z 000yy
106    @ar
200 1  @a明清江浙地区木雕装饰纹样@Aming qing jiang zhe di qu mu diao zhuang shi wen yang@f张伟孝著
210    @a青岛@c中国海洋大学出版社@d2020.8
215    @a333页@c图@d24cm
300    @a2016年教育部人文社会科学研究规划基金项目“明清江浙地区木雕装饰纹样研究”成果
330    @a本书分为七章,内容包括:1.江浙木雕装饰溯源。2.明清江浙建筑技术。3.明清江浙木雕种类。4.木雕装饰手法。5.木雕纹样分类。6.纹样构图法则。7.木雕纹样文化。
606 0  @a木雕@x装饰美术@x纹样@y浙江@z明清时代
690    @aJ322@v5
690    @aJ522@v5
701  0 @a张伟孝@Azhang wei xiao@4著
801    @aCN@b江苏凤凰@c20211018
905    @b1355374-7@dJ322@e10@f4
    
    明清江浙地区木雕装饰纹样/张伟孝著.-青岛:中国海洋大学出版社,2020.8
    333页:图;24cm
    2016年教育部人文社会科学研究规划基金项目“明清江浙地区木雕装饰纹样研究”成果
    
    ISBN 978-7-5670-2333-8:CNY79.00
    本书分为七章,内容包括:1.江浙木雕装饰溯源。2.明清江浙建筑技术。3.明清江浙木雕种类。4.木雕装饰手法。5.木雕纹样分类。6.纹样构图法则。7.木雕纹样文化。
●
相关链接 在E读中查询图书 在五车中查询图书 在当当中查询图书 在豆瓣中查询图书


正题名:明清江浙地区木雕装饰纹样     索取号:J322/10         预约/预借

序号 登录号 条形码 馆藏地/架位号 状态 备注
1 1355374   213553741   第一样本阅览室/ [索取号:J322/10] 在馆    
2 1355375   213553750   第一借阅区/ [索取号:J322/10] 在馆    
3 1355376   213553769   第一借阅区/ [索取号:J322/10] 在馆    
4 1355377   213553778   第一借阅区/ [索取号:J322/10] 在馆    
唐山师范学院图书馆 欢迎您!
大连网信软件有限公司© 版权所有